| 000 | 01267nam a22001817a 4500 | ||
|---|---|---|---|
| 005 | 20240726132744.0 | ||
| 008 | 240718b ||||| |||| 00| 0 eng d | ||
| 020 | _a9780495506171 | ||
| 050 | _aRJ503.5.A57 | ||
| 245 |
_aAbnormal child psychology/ _cEric J. Mash et al. |
||
| 250 | _a4ed | ||
| 260 |
_aBelmont: _bWadsworth cengage learning, _c2010. |
||
| 300 |
_axviii,547p.: _c28cm |
||
| 500 | _aIncludes glossary and index. | ||
| 505 | _aPart I :Understanding abnormal child psychology : Introduction to normal and abnormal behavior in children and adolescent -- Theories and causes -- Research -- Assessment, diagnosis, and treatment -- Part II : Behavioral disorder : Anxiety-Deficit/Hperactivity disorder (ADHD) -- Conduct problems Part III : Emotional disorder : Anxiety disorder -- Mood disorder Part IV : Developmental and learning disorders : Intellectual disability (mental retardation) -- Autism spectrum disorder and childhood-Onset schizophrenia -- Communication and learning disorders Part V : Problems related to physical and mental health : Health related and substance use disorders -- Eating disorders and related conditions -- Child maltreatment and non-accidental trauma | ||
| 700 |
_aWolfe, David A. _968 |
||
| 942 |
_2lcc _cBK _e4ed _kRJ503.5.A57 |
||
| 999 |
_c10312 _d17812 |
||